00694nam a2200193Ia 4500008004100000020001800041050001800059082001700077100002400094245008000118260006500198300001100263440003100274500001300305650006300318942000700381952009500388999001700483130818s9999 xx 000 0 und d a968-16-5658-X aQ173 P46 1998 a501.09 P438e aPérez Tamayo, Ruy a¿Existe el método científico? : historia y realidad / Ruy Perez Tamayo aMéxico : SEP, Fondo de Cultura Economica, Colegio Nacional a297 p. aLa Ciencia para todos; 161 aÍndice a1. CIENCIA--METODOLOGIA-HISTORIA \ 2. CIENCIA-FILOSOFIAÌ cLB 00104070a13b13d2012-05-09l0oQ173 P46 1998p13 001673r2013-09-10t1w2013-09-10yLB c90503d90503